00367nam a2200109Ia 4500008004100000082001000041100004700051245004000098260003900138630004000177730004000217100328s9999 xx 000 0 und d b17490 aराघव रांगेय-अनु. aबन्दुक और बीन bशिक्षा भारती aबन्दुक और बीन aबन्दुक और बीन